=LDR 00000nam 2200000 4500 =001 INLIS000000000031216 =005 20130612133312 =008 ***********************************Ind** =035 ##$$0010-061300000031216 =041 ##$$a Ind =082 ##$$a 650 =090 ##$$a 650, Pri p =100 ##$$a Priandarini. Lucia =245 ##$$a Panduan lengkap memulai dan pengelola usaha di rumah, Lucia Prandarini; Reny Yuniawati =260 ##$$a 2007 $b Jakarta =300 ##$$a x, 273 hlm, 23 cm =650 ##$$a Bisnis =700 ##$$a Yuniawati, Reny =850 ##$$a NBPNMAT =990 ##$$a 0001/BPAP-NTB/20142014 =990 ##$$a 2090100653/BPAP-NTB/2015